| 000 | 01191nam0a22002771 4500 | ||
|---|---|---|---|
| 001 | rc\3667817 | ||
| 005 | 20130115150905.0 | ||
| 021 |
_aRU _b73-83113 |
||
| 021 |
_aRU _bРг15174-73 |
||
| 035 | _a(NLR Aleph) 007743849 | ||
| 090 |
_a7188936 _c7188936 |
||
| 100 | _a20130115d1973 |||y0rusy50 ca | ||
| 101 | 1 |
_arus _clit |
|
| 102 | _aRU | ||
| 105 | _ay z ||||| | ||
| 200 | 1 |
_aПланирование - центральное звено системы управления _e(Материал для лектора к 11 теме) _e[Пер. с лит.] _fДом полит. просвещения ЦК КП Литвы и Вильнюс. горкома партии. О-во "Знание" ЛитССР. Науч.-метод. совет по пропаганде экон. знаний |
|
| 210 |
_aВильнюс _cБ. и. _d1973 |
||
| 215 |
_a17 с. _d21 |
||
| 225 | 1 | _aОсновы экономики и управления производством | |
| 320 | _aБиблиогр.: с. 17 | ||
| 700 | 1 |
_aКюберис _bП. К. _gПаулюс Казимирович |
|
| 801 | 0 |
_aRU _bNLR _gpsbo |
|
| 801 | 1 |
_aRU _bELAR _2rusmarc |
|
| 852 |
_aNLR _j73-4/32517 |
||
| 942 | _cBOOK | ||
| 980 | _aNB | ||